Memòria de les pràctiques realitzades a l'Arxiu Històric de la Diputació de Barcelona / Marta Sánchez Escutia
Descripción Física:
58 f.. mecanografiats ; 30 cm
MARC
| LEADER | 00000nam a2200000Ia 4500 | ||
|---|---|---|---|
| 001 | 10469 | ||
| 008 | 160829s9999 xx 000 0 cat d | ||
| 080 | |a A-2-70 | ||
| 100 | |a Sánchez Escutia, Marta |9 37551 | ||
| 245 | |a Memòria de les pràctiques realitzades a l'Arxiu Històric de la Diputació de Barcelona / Marta Sánchez Escutia | ||
| 260 | |a Barcelona : |b [s.n.], [1992 - 1993] | ||
| 300 | |a 58 f.. mecanografiats ; |c 30 cm | ||
| 590 | |a Memòria de les pràctiques de l' assignatura de Tècniques d' Arxius. Professora, Maria Elvira. E. U. Jordi Rubió i Balaguer de Biblioteconomia i Documentació. | ||
| 610 | 1 | 0 | |a Arxiu General de la Diputació de Barcelona |9 52704 |
| 655 | 0 | |9 55931 |a Tesis i dissertacions acadèmiques | |
| 710 | 2 | |a Escola Universitària Jordi Rubió i Balaguer de Biblioteconomia i Documentació |9 54300 | |
| 901 | |a Arxiu | ||
| 942 | |n 1 |2 udc | ||
| 952 | |0 0 |1 0 |4 0 |6 A270 |7 1 |9 47925 |a Arxiu |b Arxiu |d 2016-12-01 |l 0 |o A-2-70 |p 10469 |r 2016-12-01 00:00:00 |w 2016-12-01 |y ARXIU | ||
| 999 | |c 51725 |d 51725 | ||